Bart Simpson's (Registo nº 4333)
[ vista simples ]
| 000 -Etiqueta do registo | |
|---|---|
| Cabeçalho | 00838nam0a2200253 4500 |
| 005 - Identificador da versão | |
| Campo de controlo | 20240813122058.0 |
| 010 ## - Número internacional normalizado dos livros (ISBN) | |
| Número (ISBN) | 0006388744 |
| 100 ## - Dados gerais de processamento | |
| Dados gerais de processamento | 20161124d1996 c y0pory5003 ba |
| 102 ## - Pais de publicação ou produção | |
| País de publicação | Reino Unido |
| 101 0# - Língua de publicação | |
| Língua do texto, banda sonora, etc. | Inglês |
| 215 ## - Descrição física | |
| Indicação específica da natureza do documento e extensão da espécie | 186, [1] p. |
| Outras indicações físicas | il. color |
| 200 1# - Titulo e menção de responsabilidade | |
| Título próprio | Bart Simpson's |
| Informação de outro título | guide to life |
| Primeira menção de responsabilidade | contributing writers Peter Alexander ... [et al.] |
| Outras menções de responsabilidade | helped into print by Matt Groening |
| 210 ## - Publicação, Distribuição, etc. | |
| Lugar da edição, distribuição, etc. | London |
| Nome do editor, distribuidor, etc. | Harper Collins Publishers |
| Data da publicação, distribuição, etc. | 1996 |
| 606 ## - Nome comum usado como assunto | |
| Número de registo de entrada de autoridade | 0001530 |
| Palavra de ordem | Literatura americana |
| Subdivisão de assunto | Humor |
| Código do sistema | CA |
| 675 ## - Classificação Decimal Universal (CDU) | |
| Notação | 821.111(73)-7=111 |
| Edição | 3ª ed. |
| Língua da edição | por |
| 702 #0 - Nome de autor-pessoa física (responsabilidade secundária) | |
| Número de registo de entrada de autoridade | 0001535 |
| Palavra de ordem | Groening |
| Outra parte do nome não tomada para palavra de ordem | Matt |
| Código de função | Colaborador |
| 701 #1 - Nome de autor-pessoa física (co-responsabilidade principal) | |
| Palavra de ordem | Alexander |
| Outra parte do nome não tomada para palavra de ordem | Peter |
| Elementos de identificação ou distinção | et al. |
| Código de função | Autor / Co-autor |
| Palavra de ordem | Angell |
| Outra parte do nome não tomada para palavra de ordem | Jamie |
| Elementos de identificação ou distinção | et al. |
| Código de função | Autor / Co-autor |
| Palavra de ordem | Brock |
| Outra parte do nome não tomada para palavra de ordem | Ted |
| Elementos de identificação ou distinção | et al. |
| Código de função | Autor / Co-autor |
| 966 ## - Identificação da Biblioteca | |
| Sigla | EBVEN |
| 942 ## - Elementos de entrada adicionados (Koha) | |
| Tipo de item no Koha | Livro |
| Situação do levantamento | Origin of item (home branch) (coded) | Biblioteca de empréstimo | Código de barras | Cota | Circulation type (not for loan) | Tipo de documento | Nota do exemplar | Damaged status |
|---|---|---|---|---|---|---|---|---|
| Biblioteca Escolar das Vendas | Biblioteca Escolar das Vendas | BEV2094 | 8EST ALE | Livro | Sem mensagem |
